Creating effective manuals (Record no. 50953)
[ view plain ]
| 000 -LEADER | |
|---|---|
| fixed length control field | 00611 a2200217 4500 |
| 041 ## - LANGUAGE CODE | |
| Language code of text/sound track or separate title | Eng. |
| 082 ## - DEWEY DECIMAL CLASSIFICATION NUMBER | |
| Classification number | 658.02 |
| Item number | D132c |
| 100 ## - MAIN ENTRY--PERSONAL NAME | |
| Personal name | d'Agenais, Jean |
| 9 (RLIN) | 10749 |
| 100 ## - MAIN ENTRY--PERSONAL NAME | |
| Personal name | Carruthers, John |
| 9 (RLIN) | 10750 |
| 245 ## - TITLE STATEMENT | |
| Title | Creating effective manuals |
| 260 ## - PUBLICATION, DISTRIBUTION, ETC. | |
| Place of publication, distribution, etc. | Cincinnati |
| Name of publisher, distributor, etc. | South-Western Pub. |
| Date of publication, distribution, etc. | 1985 |
| 300 ## - PHYSICAL DESCRIPTION | |
| Extent | vi,274p. illus. |
| 440 ## - SERIES STATEMENT/ADDED ENTRY--TITLE | |
| Title | Professional development series |
| 9 (RLIN) | 10751 |
| 504 ## - BIBLIOGRAPHY, ETC. NOTE | |
| Bibliography, etc. note | Bibliography; p.259-266 |
| 650 ## - SUBJECT ADDED ENTRY--TOPICAL TERM | |
| Topical term or geographic name entry element | Organization |
| 650 ## - SUBJECT ADDED ENTRY--TOPICAL TERM | |
| Topical term or geographic name entry element | Maintenance service |
| 9 (RLIN) | 10752 |
| 650 ## - SUBJECT ADDED ENTRY--TOPICAL TERM | |
| Topical term or geographic name entry element | Housing management |
| 9 (RLIN) | 3219 |
| 650 ## - SUBJECT ADDED ENTRY--TOPICAL TERM | |
| Topical term or geographic name entry element | Writing guides |
| 9 (RLIN) | 10753 |
| 653 ## - INDEX TERM--UNCONTROLLED | |
| Uncontrolled term | Management |
| 942 ## - ADDED ENTRY ELEMENTS (KOHA) | |
| Source of classification or shelving scheme | Dewey Decimal Classification |
| Koha item type | General Collections |
| Withdrawn status | Lost status | Source of classification or shelving scheme | Damaged status | Not for loan | Home library | Current library | Date acquired | Total Checkouts | Full call number | Barcode | Date last seen | Price effective from | Koha item type |
|---|---|---|---|---|---|---|---|---|---|---|---|---|---|
| Dewey Decimal Classification | Tribhuvan University Central Library | Tribhuvan University Central Library | 01/12/2011 | 658.02 D132c | G36553 | 01/12/2011 | 01/12/2011 | General Collections | |||||
| Dewey Decimal Classification | Tribhuvan University Central Library | Tribhuvan University Central Library | 01/14/2011 | 658.02 D132c | G36552 | 01/14/2011 | 01/14/2011 | General Collections |
